|
|
|
|
| LEADER |
00000nab a2200000 a 4500 |
| 001 |
vtls008985691 |
| 003 |
SK-MaSNL |
| 005 |
20260318124434.0 |
| 008 |
070502 2007 xo | |000 0|hun |
| 015 |
|
|
|a SNBRB2007/05
|
| 038 |
|
|
|a KEVKJB
|
| 040 |
|
|
|a KEVKJB
|b slo
|c KEVKJB
|e AACR2
|
| 041 |
0 |
|
|a hun
|
| 044 |
|
|
|a xo
|c SK
|
| 080 |
|
|
|a 821.511.141(437.6)-1
|2 2001
|
| 080 |
|
|
|a 929 Bozó Lake, Norbert
|2 2001
|
| 080 |
|
|
|a 929 Juhász, Katalin
|2 2001
|
| 100 |
1 |
|
|a Juhász Dósa, János,
|d 1969-
|4 aut
|9 667976
|
| 245 |
1 |
0 |
|a Teázás a pozsonyi Casinóban
|c Juhász Dósa János
|
| 300 |
|
|
|b Fotogr.
|
| 600 |
1 |
7 |
|a Bozó Lake, Norbert,
|d 1979-
|2 kevkjb
|9 1067013
|
| 600 |
1 |
7 |
|a Juhász, Katalin,
|d 1969-
|2 kevkjb
|9 102317
|
| 610 |
2 |
7 |
|a Prešporské kasíno (Bratislava, Slovensko)
|2 kevkjb
|9 1048957
|
| 650 |
0 |
7 |
|a literárne podujatia
|2 kevkjb
|9 368166
|
| 651 |
|
7 |
|a Bratislava (Slovensko)
|2 kevkjb
|9 14568
|
| 773 |
0 |
|
|t Kassai Figyelő
|g Évf. V, sz. 4 (2007), o. 20
|
| 852 |
|
|
|a KEVKJB
|b KIS3GCP
|
| 958 |
|
|
|a HU
|
| 958 |
|
|
|a LX
|
| 958 |
|
|
|a BX
|
| 958 |
|
|
|a NM
|
| 999 |
|
|
|c 2550812
|d 2552742
|